Príčiny a průběh měnových turbulencí v České republice v roce 1997

Príčiny menovej krízy v Českej republike v roku 1997. Číselné charakteristiky ekonomického vývoja v Česku v rokoch 1993-1996. Vývoj štruktúry dovozu. Inflačná medzera medzi dopytom a ponukou. Predstih rastu reálnych miezd pred produktivitou práce. Liberalizácia kapitálových tokov. Reakcia menovej po...

Ausführliche Beschreibung

Gespeichert in:
Bibliographische Detailangaben
1. Verfasser: Dědek, Oldřich
Format: Buchkapitel
Sprache:Tschechisch
Schlagworte:
Tags: Tag hinzufügen
Keine Tags, Fügen Sie das erste Tag hinzu!

MARC

LEADER 00000naa a2200000 4500
001 r039963
005 20231002111033.9
041 0 |a cze 
044 |a CZ 
245 1 0 |a Príčiny a průběh měnových turbulencí v České republice v roce 1997  |c Oldřich Dědek 
520 |a Príčiny menovej krízy v Českej republike v roku 1997. Číselné charakteristiky ekonomického vývoja v Česku v rokoch 1993-1996. Vývoj štruktúry dovozu. Inflačná medzera medzi dopytom a ponukou. Predstih rastu reálnych miezd pred produktivitou práce. Liberalizácia kapitálových tokov. Reakcia menovej politiky. Rast devízových rezerv. 
610 2 0 |a kríza menová 
610 2 0 |a Česko 
610 2 0 |a politika hospodárska 
610 2 0 |a politika menová 
610 2 0 |a liberalizácia 
610 2 0 |a cash flow 
610 2 0 |a investície zahraničné 
610 2 0 |a rovnováha finančná 
610 2 0 |a vývoj hospodársky 
100 1 |a Dědek, Oldřich